Central Library OPAC University of Rajshahi

The educational development of children : (Record no. 46358)

MARC details
000 -LEADER
fixed length control field 00775nam a22002172a 4500
001 - CONTROL NUMBER
control field 46358
003 - CONTROL NUMBER IDENTIFIER
rucl marc code BD-RjUL
005 - DATE AND TIME OF LATEST TRANSACTION
control field 20211209054136.0
008 - FIXED-LENGTH DATA ELEMENTS--GENERAL INFORMATION
fixed length control field 160801s1950 enk 000 0 eng d
035 ## - SYSTEM CONTROL NUMBER
System control number OCLC ocm08926473 from D950901M
-- (BD-RjUL)46476
040 ## - CATALOGING SOURCE
Original cataloging agency SOI
Transcribing agency SOI
Modifying agency UKM
-- EQO
-- BD-RjUL
Language of cataloging eng
041 ## - LANGUAGE CODE
Language code of text/sound track or separate title eng
082 ## - DEWEY DECIMAL CLASSIFICATION NUMBER
Classification number 371.26
Author mark and year GLE 1950
100 1# - MAIN ENTRY--PERSONAL NAME
Personal name Glassey, William.
9 (RLIN) 141561
245 14 - TITLE STATEMENT
Title The educational development of children :
Remainder of title the teacher's guide to keeping the school records /
Statement of responsibility, etc. [by] William Glassey and Edward J. Weeks. With a foreword by Sir Cyril Burt
260 ## - PUBLICATION, DISTRIBUTION, ETC. (IMPRINT)
Place of publication, distribution, etc. London :
Name of publisher, distributor, etc. University of London Press,
Date of publication, distribution, etc. 1950
300 ## - PHYSICAL DESCRIPTION
Pagination 247 p. :
Illustrations ill. ;
Size 23 cm.
650 #0 - SUBJECT ADDED ENTRY--TOPICAL TERM
Topical term or geographic name as entry element School reports
9 (RLIN) 141562
700 1# - ADDED ENTRY--PERSONAL NAME
Personal name Weeks, Edward J.
942 ## - ADDED ENTRY ELEMENTS (KOHA)
Source of classification or shelving scheme Dewey Decimal Classification
Koha item type Books
Holdings
Lost status Source of classification or shelving scheme Damaged status Not for loan Collection code Permanent Location Current Location Shelving location Date acquired Source of acquisition Cost, normal purchase price Total Checkouts Full call number Date last seen Copy number Koha item type
  Dewey Decimal Classification     Non-fiction Central Library, University of Rajshahi Central Library, University of Rajshahi   08/09/1955 B.H. Blackwell 8.60   371.26 GLE 1950 01/08/2016 C-2 Books